| 000 | 00553nam a2200193Ia 4500 | ||
|---|---|---|---|
| 005 | 20250508151904.0 | ||
| 008 | 008 250505s9999 xx 000 0 hin d | ||
| 037 | _aTextual | ||
| 040 |
_aFEDL _beng _cFEDL |
||
| 041 |
_ahin _2eng |
||
| 084 |
_a155.4, AAT _qFEDL |
||
| 100 |
_aAathvale K. Narhar Lakshman _9760286 |
||
| 245 | 0 | _aBalkancha manovikas | |
| 260 |
_aNagpur, India _bNagpur Suvichar Prakashan Mandal, Ltd India _c1939 |
||
| 300 | _a263p | ||
| 650 | _aPersonality | ||
| 942 |
_cTEXL _h155.4, AAT |
||
| 999 |
_c1332733 _d1332733 |
||